<?xml version="1.0" encoding="UTF-8"?><?xml-stylesheet type="text/xsl" href="static/style.xsl"?><OAI-PMH xmlns="http://www.openarchives.org/OAI/2.0/" xmlns:xsi="http://www.w3.org/2001/XMLSchema-instance" xsi:schemaLocation="http://www.openarchives.org/OAI/2.0/ http://www.openarchives.org/OAI/2.0/OAI-PMH.xsd"><responseDate>2026-04-18T07:36:43Z</responseDate><request verb="GetRecord" identifier="oai:www.recercat.cat:20.500.12328/5057" metadataPrefix="marc">https://recercat.cat/oai/request</request><GetRecord><record><header><identifier>oai:recercat.cat:20.500.12328/5057</identifier><datestamp>2025-10-10T18:37:00Z</datestamp><setSpec>com_2072_67741</setSpec><setSpec>col_2072_484352</setSpec></header><metadata><record xmlns="http://www.loc.gov/MARC21/slim" xmlns:dcterms="http://purl.org/dc/terms/" xmlns:xsi="http://www.w3.org/2001/XMLSchema-instance" xmlns:doc="http://www.lyncode.com/xoai" xsi:schemaLocation="http://www.loc.gov/MARC21/slim http://www.loc.gov/standards/marcxml/schema/MARC21slim.xsd">
   <leader>00925njm 22002777a 4500</leader>
   <datafield ind2=" " ind1=" " tag="042">
      <subfield code="a">dc</subfield>
   </datafield>
   <datafield ind2=" " ind1=" " tag="720">
      <subfield code="a">Carnes, Anna</subfield>
      <subfield code="e">author</subfield>
   </datafield>
   <datafield ind2=" " ind1=" " tag="720">
      <subfield code="a">Piñol-Ripoll, Gerard</subfield>
      <subfield code="e">author</subfield>
   </datafield>
   <datafield ind2=" " ind1=" " tag="720">
      <subfield code="a">Ariza, Mar</subfield>
      <subfield code="e">author</subfield>
   </datafield>
   <datafield ind2=" " ind1=" " tag="720">
      <subfield code="a">Cano Marco, Neus</subfield>
      <subfield code="e">author</subfield>
   </datafield>
   <datafield ind2=" " ind1=" " tag="720">
      <subfield code="a">Segura, Barbara</subfield>
      <subfield code="e">author</subfield>
   </datafield>
   <datafield ind2=" " ind1=" " tag="720">
      <subfield code="a">Junque, Carme</subfield>
      <subfield code="e">author</subfield>
   </datafield>
   <datafield ind2=" " ind1=" " tag="720">
      <subfield code="a">Bejar, Javier</subfield>
      <subfield code="e">author</subfield>
   </datafield>
   <datafield ind2=" " ind1=" " tag="720">
      <subfield code="a">Barrué subirana, Cristian</subfield>
      <subfield code="e">author</subfield>
   </datafield>
   <datafield ind2=" " ind1=" " tag="720">
      <subfield code="a">Garolera, Maite</subfield>
      <subfield code="e">author</subfield>
   </datafield>
   <datafield ind2=" " ind1=" " tag="260">
      <subfield code="c">2025</subfield>
   </datafield>
   <datafield ind2=" " ind1=" " tag="520">
      <subfield code="a">Objectives: In the present study, we aimed (i) to describe the personality traits of a cohort of post-COVID-19 condition (PCC) patients compared with a healthy control (HC) group, (ii) to evaluate the relationship between sleep quality and personality traits, and (iii) to investigate whether this relationship differs according to disease severity. Methods: We included 599 participants from the Nautilus Project (ClincalTrials.gov IDs: NCT05307549 and NCT05307575) with an age range from 20 to 65 years old. Of 599 participants, 280 were nonhospitalized (mild PCC), 87 were hospitalized (hospitalized PCC), 98 were in the PCC-ICU, and 134 were in the HC group. We assessed sleep quality with the Pittsburgh Sleep Quality Index (PSQI) and personality traits with the NEO Five-Factor Inventory (NEO FFI). Results: We found that mild-PCC patients had higher scores of neuroticism than HCs (p &lt; 0.001) and ICU-PCC patients did (p = 0.020). The higher the neuroticism score was, the higher the total PSQI score (B 0.162; p &lt; 0.001), the worse the sleep latency (B 0.049; p &lt; 0.001), the greater the degree of sleep disturbance (B 0.060; p &lt; 0.001), the greater the use of sleeping medication (B 0.035; p = 0.033), and the greater the incidence of daytime disturbances (B 0.065; p &lt; 0.001) among the PCC patients. High neuroticism is also an indicator of worse sleep quality in mild-PCC (t = 3.269; p 0.001) and hospitalized-PCC (t = 6.401; p &lt; 0.001) patients and HCs (t = 4.876; p &lt; 0.001) but not in ICU-PCC patients. Conclusions: Although neuroticism affected sleep quality in both the PCC patients and HCs, the clinical implications and magnitude of the relationship were more significant in the PCC group. Specific and multidimensional interventions are needed to treat sleep problems in this population, and the influence of their personality traits should be considered.</subfield>
   </datafield>
   <datafield ind1="8" ind2=" " tag="024">
      <subfield code="a">Carnes, Anna; Piñol-Ripoll, Gerard; Ariza, Mar [et al.]. Can personality traits affect sleep quality in post-COVID-19 patients? Journal of Clinical Medicine, 2025, 14(9), 2911. Disponible en: &lt;https://www.mdpi.com/2077-0383/14/9/2911>. Fecha de acceso: 6 oct. 2025. DOI: 10.3390/jcm14092911</subfield>
   </datafield>
   <datafield ind1="8" ind2=" " tag="024">
      <subfield code="a">2077-0383</subfield>
   </datafield>
   <datafield ind1="8" ind2=" " tag="024">
      <subfield code="a">http://hdl.handle.net/20.500.12328/5057</subfield>
   </datafield>
   <datafield ind1="8" ind2=" " tag="024">
      <subfield code="a">https://dx.doi.org/10.3390/jcm14092911</subfield>
   </datafield>
   <datafield tag="653" ind2=" " ind1=" ">
      <subfield code="a">Model dels Cinc Grans</subfield>
   </datafield>
   <datafield tag="653" ind2=" " ind1=" ">
      <subfield code="a">Trets de personalitat</subfield>
   </datafield>
   <datafield tag="653" ind2=" " ind1=" ">
      <subfield code="a">Condició post-COVID-19</subfield>
   </datafield>
   <datafield tag="653" ind2=" " ind1=" ">
      <subfield code="a">Qualitat del son</subfield>
   </datafield>
   <datafield tag="653" ind2=" " ind1=" ">
      <subfield code="a">Modelo de los Cinco Grandes</subfield>
   </datafield>
   <datafield tag="653" ind2=" " ind1=" ">
      <subfield code="a">Rasgos de personalidad</subfield>
   </datafield>
   <datafield tag="653" ind2=" " ind1=" ">
      <subfield code="a">Condición post-COVID-19</subfield>
   </datafield>
   <datafield tag="653" ind2=" " ind1=" ">
      <subfield code="a">Calidad del sueño</subfield>
   </datafield>
   <datafield tag="653" ind2=" " ind1=" ">
      <subfield code="a">Big Five Model</subfield>
   </datafield>
   <datafield tag="653" ind2=" " ind1=" ">
      <subfield code="a">Personality traits</subfield>
   </datafield>
   <datafield tag="653" ind2=" " ind1=" ">
      <subfield code="a">Post-COVID-19 condition</subfield>
   </datafield>
   <datafield tag="653" ind2=" " ind1=" ">
      <subfield code="a">Sleep quality</subfield>
   </datafield>
   <datafield ind2="0" ind1="0" tag="245">
      <subfield code="a">Can personality traits affect sleep quality in post-COVID-19 patients?</subfield>
   </datafield>
</record></metadata></record></GetRecord></OAI-PMH>